| 000 | 00595nam a2200241 a 4500 | ||
|---|---|---|---|
| 001 | nice12345678 | ||
| 003 | IN_TiNIC | ||
| 005 | 20260116013749.0 | ||
| 008 | 050524s1999 dela grp 000 0 eng | ||
| 020 |
_a _c49 |
||
| 082 | 0 | 0 |
_a248.24 _bVEM |
| 100 | _aVempeny, Ishanand | ||
| 245 | _aConversion National Debat on Dialogue | ||
| 260 |
_aDelhi _bMedia House _c1999 |
||
| 300 | _a94p | ||
| 500 | _aincludes index and biblioraphy | ||
| 505 | 2 | _aBibliography | |
| 650 | _aConversion-Christianity | ||
| 700 | 1 | _aVempeny, Ishanand | |
| 902 | _bSRS | ||
| 942 | _cBK | ||
| 999 |
_c12371 _d12371 |
||